MARC

LEADER 00000nam0a2200000 4500
001 319013
005 20231102003134.0
035 |a (RuTPU)RU\TPU\book\344518 
035 |a RU\TPU\book\183812 
035 |a RU\TPU\book\343053 
090 |a 319013 
100 |a 20091112d1969 k y0rusy50 ca 
101 0 |a rus 
102 |a KZ 
105 |a a z 001zy 
200 1 |a Химия и технология селена, теллура и редких щелочных металлов  |e [сборник статей]  |f Академия наук Казахской ССР (АН КазССР), Химико-металлургический институт (ХМИ) ; отв. ред. Е. А. Букетов 
210 |a Алма-Ата  |c Наука  |d 1969 
215 |a 148 с.  |c ил. 
225 1 |a Труды Химико-металлургического института  |v Т. 9 
320 |a Библиогр. в конце ст. 
606 1 |a Селен  |x Химия  |2 stltpush  |3 (RuTPU)RU\TPU\subj\74992  |9 86895 
606 1 |a Теллур  |x Химия  |2 stltpush  |3 (RuTPU)RU\TPU\subj\74993  |9 86896 
606 1 |a Щелочные металлы, редкие  |x Химия  |2 stltpush  |3 (RuTPU)RU\TPU\subj\75069  |9 86950 
610 1 |a химическая технология 
610 1 |a окисление 
610 1 |a термическая устойчивость 
610 1 |a термография 
610 1 |a синтез 
610 1 |a свойства 
675 |a 546.23  |v 3 
675 |a 546.24  |v 4 
675 |a 546.31  |v 4 
702 1 |a Букетов  |b Е. А.  |4 340 
712 0 2 |a Академия наук Казахской ССР (АН КазССР)  |b Химико-металлургический институт (ХМИ)  |c (Караганда)  |2 stltpush  |3 (RuTPU)RU\TPU\col\7909 
801 1 |a RU  |b 63413507  |c 20160516 
801 2 |a RU  |b 63413507  |c 20190827  |g RCR 
942 |c BK